Влияние растительных водорастворимых полисахаридов на продукцию иммуноглобулинов классов E и G1 лимфоцитами мышей, сенсибилизированных овальбумином; Бюллетень экспериментальной биологии и медицины; Т. 146, № 11
| Parent link: | Бюллетень экспериментальной биологии и медицины.— , 1936- Т. 146, № 11.— 2008.— [С. 520-522] |
|---|---|
| Tác giả khác: | , , , , , , , , , , |
| Tóm tắt: | Заглавие с экрана Исследовали действие водорастворимых растительных полисахаридов, выделенных из фармакопейного сырья, на анафилактический шок и на продукцию IgE и IgGl лимфоцитами иммунизированных овальбумином мышей. Обнаружено, что курсовое введение полисахаридов мать-и-мачехи, аира, клевера, полыни, календулы, девясила приводило к снижению летальности животных при индукции у них анафилактического шока. Кроме того, введение этих веществ вызывало уменьшение концентрации IgE и IgGl в сыворотке крови. Данные вещества можно считать перспективными для терапии IgE-зависимых заболеваний (атопического дерматита, бронхиальной астмы, атопического ринита, крапивницы, пищевых аллергии и др.). Режим доступа: по договору с организацией-держателем ресурса |
| Ngôn ngữ: | Tiếng Nga |
| Được phát hành: |
2008
|
| Loạt: | Фармакология и токсикология |
| Những chủ đề: | |
| Truy cập trực tuyến: | http://elibrary.ru/item.asp?id=11922039 |
| Định dạng: | Điện tử Chương của sách |
| KOHA link: | https://koha.lib.tpu.ru/cgi-bin/koha/opac-detail.pl?biblionumber=649294 |
MARC
| LEADER | 00000naa0a2200000 4500 | ||
|---|---|---|---|
| 001 | 649294 | ||
| 005 | 20250304103827.0 | ||
| 035 | |a (RuTPU)RU\TPU\network\14456 | ||
| 035 | |a RU\TPU\network\14455 | ||
| 090 | |a 649294 | ||
| 100 | |a 20160629d2008 k||y0rusy50 ca | ||
| 101 | 0 | |a rus | |
| 102 | |a RU | ||
| 135 | |a drcn ---uucaa | ||
| 181 | 0 | |a i | |
| 182 | 0 | |a b | |
| 200 | 1 | |a Влияние растительных водорастворимых полисахаридов на продукцию иммуноглобулинов классов E и G1 лимфоцитами мышей, сенсибилизированных овальбумином |f М. Г. Данилец [и др.] | |
| 203 | |a Текст |c электронный | ||
| 225 | 1 | |a Фармакология и токсикология | |
| 300 | |a Заглавие с экрана | ||
| 320 | |a [Библиогр.: с. 522 (12 назв.)] | ||
| 330 | |a Исследовали действие водорастворимых растительных полисахаридов, выделенных из фармакопейного сырья, на анафилактический шок и на продукцию IgE и IgGl лимфоцитами иммунизированных овальбумином мышей. Обнаружено, что курсовое введение полисахаридов мать-и-мачехи, аира, клевера, полыни, календулы, девясила приводило к снижению летальности животных при индукции у них анафилактического шока. Кроме того, введение этих веществ вызывало уменьшение концентрации IgE и IgGl в сыворотке крови. Данные вещества можно считать перспективными для терапии IgE-зависимых заболеваний (атопического дерматита, бронхиальной астмы, атопического ринита, крапивницы, пищевых аллергии и др.). | ||
| 333 | |a Режим доступа: по договору с организацией-держателем ресурса | ||
| 461 | |t Бюллетень экспериментальной биологии и медицины |d 1936- | ||
| 463 | |t Т. 146, № 11 |v [С. 520-522] |d 2008 | ||
| 610 | 1 | |a труды учёных ТПУ | |
| 610 | 1 | |a электронный ресурс | |
| 610 | 1 | |a растительные полисахариды | |
| 610 | 1 | |a атопия | |
| 610 | 1 | |a иммуноглобулины | |
| 610 | 1 | |a анафилактический шок | |
| 701 | 1 | |a Данилец |b М. Г. | |
| 701 | 1 | |a Бельская |b Н. В. | |
| 701 | 1 | |a Бельский |b Ю. П. | |
| 701 | 1 | |a Учасова |b Е. Г. | |
| 701 | 1 | |a Трофимова |b Е. С. | |
| 701 | 1 | |a Лигачева |b А. А. | |
| 701 | 1 | |a Гурьев |b А. М. | |
| 701 | 1 | |a Белоусов |b М. В. |c химик |c профессор Томского политехнического университета, доктор фармацевтических наук |f 1963- |g Михаил Валерьевич |3 (RuTPU)RU\TPU\pers\44498 |9 21812 | |
| 701 | 1 | |a Ахмеджанов |b Р. Р. |c специалист в области экологии и безопасности жизнедеятельности |c профессор Томского политехнического университета, доктор биологических наук |f 1964- |g Рафик Равильевич |3 (RuTPU)RU\TPU\pers\27757 |9 12818 | |
| 701 | 1 | |a Юсубов |b М. С. |c химик |c профессор Томского политехнического университета, доктор химических наук |f 1961- |g Мехман Сулейман-оглы (Сулейманович) |3 (RuTPU)RU\TPU\pers\28058 |9 13020 | |
| 701 | 1 | |a Агафонов |b В. И. | |
| 801 | 2 | |a RU |b 63413507 |c 20191129 |g RCR | |
| 856 | 4 | 0 | |u http://elibrary.ru/item.asp?id=11922039 |
| 942 | |c CF | ||